Skip to main content
Your cart is empty.
Your lists
Log in to create your own lists
Your cookies
العربية
English
العربية
Home
Search
Advanced search
Authority search
About
The noble scholar, jurist, historian
His Excellency Dr. Abdul Wahhab bin Ibrahim Abu Sulaiman, may Allah have mercy on him.
He was born in Umm Al-Qura in the year 1356 AH.
Library catalog
Title
Author
Subject
ISBN
ISSN
Series
Call number
Log in to your account
×
Login:
Password:
Home
MARC view: قطعة من مكتوب الشيخ الإمام الزاهد شهاب الدين أحمد بن مري الحنبلي كتبه إلى حنابلة دمشق يعزيهم بالمصاب /
Normal view
MARC view
ISBD view
قطعة من مكتوب الشيخ الإمام الزاهد شهاب الدين أحمد بن مري الحنبلي كتبه إلى حنابلة دمشق يعزيهم بالمصاب / (Record no. 13035)
[
view plain
]
MARC details
000 -LEADER
fixed length control field
01432cam a22002891i 4500
003 - CONTROL NUMBER IDENTIFIER
control field
SA-RiAUC
005 - DATE AND TIME OF LATEST TRANSACTION
control field
20251106065637.0
008 - FIXED-LENGTH DATA ELEMENTS--GENERAL INFORMATION
fixed length control field
251105s1988____su g 000 0bara c
040 ## - CATALOGING SOURCE
Original cataloging agency
SA-RiIMS
Language of cataloging
ara
Transcribing agency
SA-RiAUC
Description conventions
rda
043 ## - GEOGRAPHIC AREA CODE
Geographic area code
a-sy---
082 04 - DEWEY DECIMAL CLASSIFICATION NUMBER
Classification number
922.584
Assigning agency
SA-RiAUC
090 ## - LOCALLY ASSIGNED LC-TYPE CALL NUMBER (OCLC); LOCAL CALL NUMBER (RLIN)
Classification number (OCLC) (R) ; Classification number, CALL (RLIN) (NR)
922.584
Local cutter number (OCLC) ; Book number/undivided call number, CALL (RLIN)
ا ب ن م
100 1# - MAIN ENTRY--PERSONAL NAME
Personal name
ابن المري، أحمد بن محمد،
Dates associated with a name
توفي قرن 8 هجري
Relator term
مؤلف.
245 10 - TITLE STATEMENT
Title
قطعة من مكتوب الشيخ الإمام الزاهد شهاب الدين أحمد بن مري الحنبلي كتبه إلى حنابلة دمشق يعزيهم بالمصاب /
Statement of responsibility, etc.
تقديم وتحقيق محمد بن إبراهيم الشيباني.
250 ## - EDITION STATEMENT
Edition statement
الطبعة الأولى.
264 #1 - PRODUCTION, PUBLICATION, DISTRIBUTION, MANUFACTURE, AND COPYRIGHT NOTICE
Place of production, publication, distribution, manufacture
الرياض :
Name of producer, publisher, distributor, manufacturer
مكتبة ابن تيمية،
Date of production, publication, distribution, manufacture, or copyright notice
1988
300 ## - PHYSICAL DESCRIPTION
Extent
23 صفحة ؛
Dimensions
24 سم.
336 ## - CONTENT TYPE
Content type term
نص
Content type code
txt
Source
rdacontent
Materials specified
كتاب
337 ## - MEDIA TYPE
Media type term
بدون وسيط
Media type code
n
Source
rdamedia
338 ## - CARRIER TYPE
Carrier type term
مجلد
Carrier type code
nc
Source
rdacarrier
490 0# - SERIES STATEMENT
Series statement
إحياء تراجم ابن تيمية المتفرقة ؛
Volume/sequential designation
4
600 17 - SUBJECT ADDED ENTRY--PERSONAL NAME
Personal name
ابن تيمية، أحمد بن عبد الحليم بن عبد السلام،
Dates associated with a name
661-728 هجري
General subdivision
وفاة ودفن
Source of heading or term
aucnm
650 #7 - SUBJECT ADDED ENTRY--TOPICAL TERM
Topical term or geographic name entry element
الفقهاء الحنابلة
Geographic subdivision
دمشق
General subdivision
وفاة
Source of heading or term
aucsh
700 1# - ADDED ENTRY--PERSONAL NAME
Personal name
الشيباني، محمد بن إبراهيم جاسم،
Dates associated with a name
1947-
Relator term
مقدم.
942 ## - ADDED ENTRY ELEMENTS (KOHA)
Source of classification or shelving scheme
Dewey Decimal Classification
Koha item type
Books
Suppress in OPAC
No
949 ## - LOCAL PROCESSING INFORMATION (OCLC)
a
SA-JeALM
d
251105
u
mohamedma123
n
1
Holdings
Withdrawn status
Lost status
Source of classification or shelving scheme
Damaged status
Not for loan
Home library
Current library
Date acquired
Total checkouts
Full call number
Barcode
Date last seen
Price effective from
Koha item type
Dewey Decimal Classification
DR AbdElwahab Library
DR AbdElwahab Library
11/06/2025
922.584 ا ب ن م
000020855
11/06/2025
11/06/2025
Books
Dewey Decimal Classification
DR AbdElwahab Library
DR AbdElwahab Library
11/19/2025
922.584 ا ب ن م
000021287
11/19/2025
11/19/2025
Books
Place hold
Print
Add to your cart
(remove)
Save record
BIBTEX
Dublin Core
MARCXML
MARC (non-Unicode/MARC-8)
MARC (Unicode/UTF-8)
MARC (Unicode/UTF-8, Standard)
MODS (XML)
RIS
ISBD
More searches
Search for this title in:
Other Libraries (WorldCat)
Other Databases (Google Scholar)
Online Stores (Bookfinder.com)
Open Library (openlibrary.org)
Exporting to Dublin Core...
×
Simple DC-RDF
OAI-DC
SRW-DC